[Event "Barcelona Sants op-C 23rd"]
[Site "Barcelona"]
[Date "2022.08.21"]
[Round "3"]
[White "Lambert Pont, James"]
[Black "Peris Morte, Joaquin"]
[Result "1-0"]
[WhiteElo "1538"]
[BlackElo "1617"]
[PlyCount "101"]
[EventDate "2022.08.19"]
[EventType "swiss"]
[EventRounds "10"]
[EventCountry "ESP"]
[SourceTitle "EXT 2023"]
[Source "ChessBase"]
[SourceDate "2022.10.05"]
[SourceVersion "1"]
[SourceVersionDate "2022.10.05"]
[SourceQuality "1"]

1. d4 Nf6 2. Bf4 d5 3. e3 e6 4. Nf3 Bd6 5. Bg3 Nc6 6. Nbd2 0-0 7. c3 Re8 8. Ne5 Bxe5 9. dxe5 Nd7 10. f4 b6 11. Nf3 Bb7 12. Bd3 Nf8 13. Nd4 a6 14. Qe2 Ne7 15. 0-0 c5 16. Nf3 h6 17. Rad1 b5 18. a3 Qd7 19. b4 cxb4 20. cxb4 Rec8 21. Rc1 Rxc1 22. Rxc1 Rc8 23. Qd2 Nfg6 24. Nd4 Nc6 25. Bxg6 fxg6 26. Bh4 Nxd4 27. Rxc8+ Qxc8 28. Qxd4 Qc1+ 29. Kf2 Qc2+ 30. Kg3 Bc6 31. Qc5 Qc4 32. Be7 h5 33. h3 Bd7 34. Qa7 Qc6 35. Bc5 Kh7 36. Qb8 Qc8 37. Qxc8 Bxc8 38. Kf3 Bb7 39. g4 d4+ 40. e4 d3 41. Be3 Kg8 42. Bd2 Kf7 43. Ke3 hxg4 44. hxg4 Bc8 45. Kxd3 Bd7 46. Kd4 Ke7 47. Kc5 Kd8 48. Kd6 Ke8 49. Kc7 Ke7 50. Be1 Ke8 51. Bh4 1-0

[Event "Barcelona Sant Marti op 7th"]
[Site "Barcelona"]
[Date "2018.03.08"]
[Round "9"]
[White "Peris Morte, Joaquin"]
[Black "Costa Trave, Jaume"]
[Result "0-1"]
[WhiteElo "1763"]
[BlackElo "1952"]
[PlyCount "124"]
[EventDate "2018.01.11"]
[EventType "swiss"]
[EventRounds "9"]
[EventCountry "ESP"]
[SourceTitle "EXT 2019"]
[Source "ChessBase"]
[SourceDate "2018.10.10"]
[SourceVersion "1"]
[SourceVersionDate "2018.10.10"]
[SourceQuality "1"]

1. e4 e5 2. d4 exd4 3. Nf3 c5 4. Bc4 d6 5. h3 Be6 6. Bb5+ Nc6 7. 0-0 Qb6 8. Na3 0-0-0 9. Ng5 Nf6 10. Nxe6 fxe6 11. Re1 e5 12. Bc4 Be7 13. c3 Kb8 14. Qe2 Rhf8 15. Rb1 Ka8 16. Bd2 Rb8 17. Nc2 Qa5 18. cxd4 Qc7 19. dxc5 dxc5 20. Red1 Nd4 21. Nxd4 cxd4 22. Rbc1 Qd6 23. a3 Nd7 24. Bb4 Qf6 25. Bxe7 Qxe7 26. Rd2 Nb6 27. Bd3 Rbc8 28. Rdc2 g5 29. Qg4 Rxc2 30. Rxc2 a6 31. g3 Ka7 32. Kg2 Rh8 33. b4 h5 34. Qe2 Na4 35. Rc4 Nc3 36. Qc2 g4 37. h4 Qf6 38. Be2 Rf8 39. Bd3 Rf7 40. Kg1 Qd6 41. Bf1 Rc7 42. Rxc7 Qxc7 43. Kg2 Qf7 44. Kh2 b5 45. Bg2 Kb6 46. Kg1 Qe7 47. Qd2 a5 48. Qh6+ Kb7 49. bxa5 Qc7 50. a6+ Ka7 51. Qe6 d3 52. Qh6 Qd7 53. Qd2 Nb1 54. Qe3+ Kxa6 55. Bf1 d2 56. Be2 d1Q+ 57. Bxd1 Qxd1+ 58. Kh2 Qc2 59. Kg2 Nd2 60. Qh6+ Ka5 61. Qd6 Qxe4+ 62. Kg1 Nf3+ 0-1

[Event "Barcelona Sant Marti op 7th"]
[Site "Barcelona"]
[Date "2018.02.22"]
[Round "7"]
[White "Hinarejos Montano, Andres"]
[Black "Peris Morte, Joaquin"]
[Result "0-1"]
[WhiteElo "1613"]
[BlackElo "1763"]
[PlyCount "110"]
[EventDate "2018.01.11"]
[EventType "swiss"]
[EventRounds "9"]
[EventCountry "ESP"]
[SourceTitle "EXT 2019"]
[Source "ChessBase"]
[SourceDate "2018.10.10"]
[SourceVersion "1"]
[SourceVersionDate "2018.10.10"]
[SourceQuality "1"]

1. c4 e6 2. e4 c5 3. Nc3 Nc6 4. Nf3 d6 5. Be2 g6 6. d3 Bg7 7. Bd2 Nge7 8. Rb1 0-0 9. 0-0 b6 10. Qc1 Bb7 11. Bh6 Re8 12. Bxg7 Kxg7 13. a3 d5 14. Rd1 d4 15. Na2 a5 16. Qf4 Ng8 17. Re1 e5 18. Qg3 Nf6 19. h3 Nh5 20. Qg5 Qxg5 21. Nxg5 Nf4 22. Bf1 h6 23. Nf3 Bc8 24. Nc1 f5 25. exf5 Bxf5 26. g4 Bd7 27. Rd1 Rf8 28. Nh2 Rf7 29. Ne2 Re8 30. Nxf4 exf4 31. Bg2 Ne5 32. Be4 Bc6 33. f3 Bxe4 34. fxe4 g5 35. Kf2 Kg6 36. Nf3 h5 37. Nxe5+ Rxe5 38. Kf3 hxg4+ 39. hxg4 Rh7 40. Rh1 Ree7 41. Kg2 Rb7 42. b4 axb4 43. axb4 Rxh1 44. Kxh1 Rh7+ 45. Kg2 Rh4 46. bxc5 Rxg4+ 47. Kf2 bxc5 48. Rb5 Rg3 49. Ke2 Re3+ 50. Kd2 g4 51. Rxc5 g3 52. Rb5 f3 53. Rb8 f2 54. Rf8 Re1 55. Rg8+ Kf7 0-1

[Event "Barcelona Sant Marti op 7th"]
[Site "Barcelona"]
[Date "2018.01.18"]
[Round "2"]
[White "Ylla Soro, Rafael"]
[Black "Peris Morte, Joaquin"]
[Result "1-0"]
[WhiteElo "1512"]
[BlackElo "1763"]
[PlyCount "67"]
[EventDate "2018.01.11"]
[EventType "swiss"]
[EventRounds "9"]
[EventCountry "ESP"]
[SourceTitle "EXT 2019"]
[Source "ChessBase"]
[SourceDate "2018.10.10"]
[SourceVersion "1"]
[SourceVersionDate "2018.10.10"]
[SourceQuality "1"]

1. e4 e5 2. f4 exf4 3. Nf3 Be7 4. Bc4 Nf6 5. Nc3 Nc6 6. d4 d6 7. 0-0 Bg4 8. Bxf4 0-0 9. a3 h6 10. Qd3 Re8 11. Be3 Bf8 12. Nh4 Qe7 13. Ng6 Qd7 14. Nxf8 Kxf8 15. Bxh6 Bh5 16. Rxf6 gxh6 17. Rxh6 Bg6 18. Rxg6 fxg6 19. Rf1+ Kg7 20. Rf7+ Qxf7 21. Bxf7 Kxf7 22. Nd5 Rac8 23. Qf3+ Kg7 24. Qf6+ Kh6 25. Nf4 Rg8 26. Qh4+ Kg7 27. Ne6+ Kf7 28. d5 Rh8 29. Qf4+ Kg8 30. dxc6 bxc6 31. Qf6 Rh7 32. Qxg6+ Kh8 33. Ng5 Rg7 34. Qh6+ 1-0

[Event "Hospitalet de Llobregat Ponce 3rd"]
[Site "Hospitalet de Llobregat"]
[Date "2017.05.06"]
[Round "5"]
[White "Peris Morte, Joaquin"]
[Black "Rivera Padron, Joaquin"]
[Result "0-1"]
[WhiteElo "1759"]
[BlackElo "1922"]
[PlyCount "76"]
[EventDate "2017.04.01"]
[EventType "swiss"]
[EventRounds "9"]
[EventCountry "ESP"]
[SourceTitle "EXT 2018"]
[Source "ChessBase"]
[SourceDate "2017.10.13"]
[SourceVersion "1"]
[SourceVersionDate "2017.10.13"]
[SourceQuality "1"]

1. e4 c5 2. Nf3 d6 3. c3 Nf6 4. Bc4 Nxe4 5. Qa4+ Bd7 6. Bxf7+ Kxf7 7. Qxe4 e6 8. d4 cxd4 9. Ng5+ Kg8 10. cxd4 Nc6 11. d5 Qa5+ 12. Nc3 exd5 13. Qxd5+ Qxd5 14. Nxd5 Nd4 15. Ne3 h6 16. Nf3 Nxf3+ 17. gxf3 Bc6 18. Ke2 Re8 19. Rd1 g5 20. Bd2 Rh7 21. Bb4 Rf7 22. Kf1 Rxf3 23. Nd5 Re5 24. Nc3 Ref5 25. Rd2 Kf7 26. Re1 R3f4 27. Ba3 b5 28. b4 d5 29. Nd1 d4 30. Rc2 Rf6 31. Re5 Rf3 32. Bb2 d3 33. Rc1 Bxb4 34. Re3 Rxe3 35. Nxe3 Re6 36. Rd1 d2 37. a3 Bf3 38. Rb1 Ba5 0-1

[Event "Hospitalet de Llobregat Ponce 3rd"]
[Site "Hospitalet de Llobregat"]
[Date "2017.04.08"]
[Round "2"]
[White "Peris Morte, Joaquin"]
[Black "Layola Barrionuevo, Javier"]
[Result "0-1"]
[WhiteElo "1759"]
[BlackElo "2012"]
[PlyCount "70"]
[EventDate "2017.04.01"]
[EventType "swiss"]
[EventRounds "9"]
[EventCountry "ESP"]
[SourceTitle "EXT 2018"]
[Source "ChessBase"]
[SourceDate "2017.10.13"]
[SourceVersion "1"]
[SourceVersionDate "2017.10.13"]
[SourceQuality "1"]

1. e4 d5 2. exd5 Qxd5 3. Nc3 Qd8 4. d4 g6 5. Bc4 Nh6 6. Nce2 Nf5 7. Nf3 Bg7 8. c3 Nd7 9. 0-0 0-0 10. Re1 Nf6 11. Bd3 b6 12. Nf4 Bb7 13. Ne5 e6 14. Be2 Qd6 15. Bf3 Bxf3 16. Qxf3 Nd5 17. Nfd3 c5 18. dxc5 bxc5 19. c4 Nd4 20. Qd1 Nb4 21. Nxb4 Bxe5 22. Nd3 Bg7 23. Bf4 Qb6 24. Rc1 Rad8 25. Re3 Nf5 26. Re2 Rd7 27. Rd2 Rfd8 28. b3 e5 29. Rcc2 exf4 30. Nxf4 Rxd2 31. Rxd2 Rxd2 32. Qxd2 Bh6 33. g3 Qd6 34. Qd5 Bxf4 35. Qa8+ Qb8 0-1

[Event "Cornella Pinol Memorial 4th"]
[Site "Cornella de Llobregat"]
[Date "2016.11.07"]
[Round "7"]
[White "Castrillo Mansego, Pablo"]
[Black "Peris Morte, Joaquin"]
[Result "1-0"]
[WhiteElo "2020"]
[BlackElo "1826"]
[PlyCount "77"]
[EventDate "2016.09.26"]
[EventType "swiss"]
[EventRounds "9"]
[EventCountry "ESP"]
[SourceTitle "EXT 2018"]
[Source "ChessBase"]
[SourceDate "2017.10.13"]
[SourceVersion "1"]
[SourceVersionDate "2017.10.13"]
[SourceQuality "1"]

1. e4 c6 2. d4 d5 3. Nd2 dxe4 4. Nxe4 Bf5 5. Ng3 Bg6 6. Nf3 Nd7 7. h4 h6 8. h5 Bh7 9. Bd3 Bxd3 10. Qxd3 Ngf6 11. Bd2 e6 12. 0-0-0 Qc7 13. Kb1 Bd6 14. Ne4 Nxe4 15. Qxe4 Nf6 16. Qe2 0-0-0 17. c4 c5 18. Bc3 Be7 19. Ne5 Rhf8 20. Nxf7 Rde8 21. Ne5 Qb6 22. Ng6 Rg8 23. Nxe7+ Rxe7 24. a3 Rge8 25. Ka2 Rd7 26. dxc5 Qc6 27. Rxd7 Nxd7 28. f3 e5 29. b4 Qe6 30. Re1 Qf5 31. Qe4 Qe6 32. Qd5 Qf6 33. Kb2 Re6 34. f4 Qf7 35. Bxe5 Nxe5 36. Rxe5 Rf6 37. Qxf7 Rxf7 38. g3 g5 39. hxg6 1-0

[Event "Cornella de Llobregat Vallve Pinol 3rd"]
[Site "Cornella de Llobregat"]
[Date "2015.10.05"]
[Round "3.10"]
[White "Serrano Pertinez, Miquel"]
[Black "Peris Morte, Joaquin"]
[Result "1-0"]
[WhiteElo "2228"]
[BlackElo "1954"]
[PlyCount "97"]
[EventDate "2015.09.21"]
[EventType "swiss"]
[EventRounds "9"]
[EventCountry "ESP"]
[SourceTitle "EXT 2024"]
[Source "ChessBase"]
[SourceDate "2023.10.10"]
[SourceVersion "1"]
[SourceVersionDate "2023.10.10"]
[SourceQuality "1"]

1. b3 e5 2. Bb2 Nc6 3. e3 d5 4. Bb5 f6 5. d4 e4 6. c4 Bb4+ 7. Bc3 Bxc3+ 8. Nxc3 a6 9. Bxc6+ bxc6 10. cxd5 Ne7 11. Nxe4 Qxd5 12. Qf3 0-0 13. Ne2 Bf5 14. N2c3 Qa5 15. 0-0 Rad8 16. Rac1 Bg6 17. Nc5 Rb8 18. Qe2 Ra8 19. h3 Nd5 20. N3e4 Rfe8 21. Qd2 Qb5 22. Ng3 f5 23. Rc4 a5 24. Na4 Qb7 25. Rc5 Qa6 26. Rfc1 Re6 27. Ne2 Be8 28. Rxd5 cxd5 29. Nc5 Qd6 30. Nxe6 Qxe6 31. Rxc7 Bb5 32. Nf4 Qd6 33. Qc2 Rd8 34. Qc5 g5 35. Qxd6 Rxd6 36. Rc5 Bc6 37. Nd3 a4 38. b4 Be8 39. a3 Kg7 40. Kf1 h5 41. Ke2 Kf6 42. h4 gxh4 43. Nf4 Bf7 44. Ra5 Rc6 45. Rxa4 Rc3 46. Ra6+ Kg5 47. f3 Rc2+ 48. Kd3 Rxg2 49. Nh3# 1-0

[Event "Barcelona Primavera La Lira op 8th"]
[Site "Barcelona"]
[Date "2015.06.04"]
[Round "9"]
[White "Peris Morte, Joaquin"]
[Black "Tortosa Moros, Joan"]
[Result "1-0"]
[WhiteElo "1824"]
[BlackElo "1756"]
[PlyCount "149"]
[EventDate "2015.04.09"]
[EventType "swiss"]
[EventRounds "9"]
[EventCountry "ESP"]
[SourceTitle "CBM 166 Extra"]
[Source "ChessBase"]
[SourceDate "2015.06.18"]
[SourceVersion "1"]
[SourceVersionDate "2015.06.18"]
[SourceQuality "1"]

1. e4 c5 2. Nf3 Nc6 3. Bb5 g6 4. 0-0 Bg7 5. Re1 a6 6. Bxc6 bxc6 7. d3 d6 8. Nc3 Bg4 9. h3 Bxf3 10. Qxf3 e5 11. Bd2 Ne7 12. a3 0-0 13. b4 cxb4 14. axb4 d5 15. exd5 cxd5 16. Ra5 d4 17. Ne4 Qb6 18. Nc5 Rfd8 19. Rea1 Qc7 20. Rxa6 Rxa6 21. Rxa6 Nd5 22. Qd1 Bf8 23. Ra5 Nc3 24. Bxc3 dxc3 25. Qa1 e4 26. Qxc3 exd3 27. cxd3 Bg7 28. Qa3 Qe7 29. Qc1 Bd4 30. Qd1 Qf6 31. Ne4 Qb6 32. Qb3 Rb8 33. Ra4 Rc8 34. Qa2 Rc1+ 35. Kh2 Qc7+ 36. g3 Rc2 37. Qd5 Rxf2+ 38. Nxf2 Bxf2 39. Ra8+ Kg7 40. Qg2 Be1 41. Re8 Bxb4 42. Qb2+ Bc3 43. Qc2 Qa5 44. Re4 h5 45. Ra4 Qe5 46. Re4 Qa5 47. Rc4 Be1 48. Qb2+ Kh7 49. Rc8 Qd2+ 50. Qxd2 Bxd2 51. Kg2 Kg7 52. Kf3 f5 53. d4 g5 54. Rc6 g4+ 55. hxg4 hxg4+ 56. Ke2 Bg5 57. d5 Kf7 58. Rc7+ Ke8 59. Rh7 f4 60. gxf4 Bxf4 61. Rh4 Kd7 62. Rxg4 Bc7 63. Rg6 Bd6 64. Kf3 Ke7 65. Ke4 Bb8 66. Kf5 Kd7 67. Re6 Bd6 68. Kf6 Bc5 69. Ra6 Bd4+ 70. Kf7 Bc5 71. Rc6 Bd6 72. Rb6 Bc7 73. Rb7 Kd6 74. Rxc7 Kxc7 75. Ke7 1-0

[Event "Barcelona Primavera La Lira op 8th"]
[Site "Barcelona"]
[Date "2015.04.30"]
[Round "4"]
[White "Perolet Perez, Miquel"]
[Black "Peris Morte, Joaquin"]
[Result "0-1"]
[WhiteElo "1695"]
[BlackElo "1824"]
[PlyCount "108"]
[EventDate "2015.04.09"]
[EventType "swiss"]
[EventRounds "9"]
[EventCountry "ESP"]
[SourceTitle "CBM 166 Extra"]
[Source "ChessBase"]
[SourceDate "2015.06.18"]
[SourceVersion "1"]
[SourceVersionDate "2015.06.18"]
[SourceQuality "1"]

1. d4 Nf6 2. Nd2 d5 3. Ngf3 c5 4. e3 Nc6 5. c3 e6 6. Bb5 Qb6 7. Bd3 Qc7 8. h3 Be7 9. 0-0 Bd7 10. Re1 h6 11. e4 0-0-0 12. b3 g5 13. e5 Nh5 14. g3 Ng7 15. Ba3 h5 16. Bxc5 Bxc5 17. dxc5 g4 18. Ng5 Nxe5 19. Rxe5 Qxe5 20. Nxf7 Qxc3 21. Bf1 e5 22. Rc1 Qd4 23. Nxd8 Kxd8 24. h4 Rf8 25. Qe1 Nf5 26. Kg2 Bc6 27. b4 Qxb4 28. Nb3 d4+ 29. Kg1 Qxe1 30. Rxe1 e4 31. Na5 Bd5 32. Bg2 b6 33. cxb6 axb6 34. Nb3 Bxb3 35. axb3 e3 36. fxe3 Nxe3 37. Be4 Rf6 38. b4 Kd7 39. b5 Ke6 40. Bd3 Kd6 41. Rc1 Ke5 42. Rc8 Nf5 43. Kf2 Rf7 44. Rc6 Nd6+ 45. Ke2 Rf3 46. Rxb6 Rxg3 47. Rc6 Re3+ 48. Kd2 g3 49. Rc5+ Kf4 50. Rg5 Kf3 51. b6 g2 52. b7 Nxb7 53. Rf5+ Kg3 54. Rg5+ Kh2 0-1

[Event "Barcelona Sant Marti op 04th"]
[Site "Barcelona"]
[Date "2002.05.25"]
[Round "8.16"]
[White "Garcia Bregante, Josep Ramon"]
[Black "Peris Morte, Joaquin"]
[Result "0-1"]
[WhiteElo "1830"]
[BlackElo "1930"]
[PlyCount "50"]
[EventDate "2002.04.06"]
[EventType "swiss"]
[EventRounds "9"]
[EventCountry "ESP"]
[SourceTitle "EXT 2003"]
[Source "ChessBase"]
[SourceDate "2002.11.25"]
[SourceVersion "1"]
[SourceVersionDate "2002.11.25"]
[SourceQuality "1"]

1. e4 e6 2. d4 d5 3. Nc3 Bb4 4. exd5 exd5 5. Bd3 Nf6 6. Qf3 Nc6 7. Be3 Bg4 8. Qg3 Bd6 9. Qh4 Qd7 10. f3 Bf5 11. Bxf5 Qxf5 12. 0-0-0 0-0-0 13. Nge2 h6 14. Nb5 g5 15. Nxd6+ Rxd6 16. Qe1 Re8 17. Rd3 Rde6 18. Qd2 g4 19. Ng3 Qg6 20. Bxh6 gxf3 21. gxf3 Nh5 22. Qg5 Nxg3 23. hxg3 Nb4 24. Rd2 Re1+ 25. Rxe1 Rxe1+ 0-1